<?xml version="1.0" encoding="UTF-8"?>
<collection xmlns="http://www.loc.gov/MARC21/slim">
 <record>
  <leader>01512nam a2200217Ia 4500</leader>
  <controlfield tag="001">CTU_114518</controlfield>
  <controlfield tag="008">210402s9999    xx            000 0 und d</controlfield>
  <datafield tag="082" ind1=" " ind2=" ">
   <subfield code="a">355.547</subfield>
  </datafield>
  <datafield tag="082" ind1=" " ind2=" ">
   <subfield code="b">M985</subfield>
  </datafield>
  <datafield tag="100" ind1=" " ind2=" ">
   <subfield code="a">Miyamoto, Musashi</subfield>
  </datafield>
  <datafield tag="245" ind1=" " ind2="2">
   <subfield code="a">A book of five rings</subfield>
  </datafield>
  <datafield tag="245" ind1=" " ind2="0">
   <subfield code="c">Miyamoto Musaschi; Translated by Victor Harris</subfield>
  </datafield>
  <datafield tag="260" ind1=" " ind2=" ">
   <subfield code="a">London</subfield>
  </datafield>
  <datafield tag="260" ind1=" " ind2=" ">
   <subfield code="b">Allison and Busby</subfield>
  </datafield>
  <datafield tag="260" ind1=" " ind2=" ">
   <subfield code="c">1974</subfield>
  </datafield>
  <datafield tag="520" ind1=" " ind2=" ">
   <subfield code="a">Written by legendary Japanese swordsman Musashi, this 17th-century exposition of sword-fighting strategy and Zen philosophy has been embraced by many contemporary readers, especially business school students, as a manual on how to succeed in life. There are many English translations, but every one, including this one, suffers from inadequate cultural, literary, and philosophical commentary. Musashi's work should be studied, not simply read, and Cleary's translation lacks commentary; it also makes the prose seems flat and the philosophy simplistic. Yet what makes this new translation worthwhile is the second text, buried deep in the back like an appendix: Yagyu Munenori's The Book of Family Traditions on the Art of War. This text, also an exposition on sword fighting and Zen philosophy, is difficult to find in an English translation, and its availability is welcome. Recommended for academic libraries generally</subfield>
  </datafield>
  <datafield tag="650" ind1=" " ind2=" ">
   <subfield code="a">Military art and science,Swordplay</subfield>
  </datafield>
  <datafield tag="650" ind1=" " ind2=" ">
   <subfield code="x">Early works to 1800</subfield>
  </datafield>
  <datafield tag="650" ind1=" " ind2=" ">
   <subfield code="z">Japan</subfield>
  </datafield>
  <datafield tag="904" ind1=" " ind2=" ">
   <subfield code="i">Giang</subfield>
  </datafield>
  <datafield tag="980" ind1=" " ind2=" ">
   <subfield code="a">Trung tâm Học liệu Trường Đại học Cần Thơ</subfield>
  </datafield>
 </record>
</collection>
